LEADER 01342nam 2200361Ia 450 001 996383950303316 005 20221102114358.0 035 $a(CKB)1000000000594080 035 $a(EEBO)2248515596 035 $a(UnM)99898469 035 $a(EXLCZ)991000000000594080 100 $a19990122d1621 uy | 101 0 $aeng 135 $aurbn||||a|bb| 200 02$aA battell of birds$b[electronic resource] $emost strangly fought in Ireland, vpon the eight day of September last, 1621. where neere vnto the citty of Corke, .. 210 $aPrinted at London $cby W. I[ones].$d[1621] 215 $a1 sheet ([1] p.) $cill. (woodcuts) 300 $aPrinter's name and date of publication from STC. 300 $aVerse - "M[ar]ke well, Gods wonderous workes, and see,". 300 $aIn two parts, printed side by side. 300 $aFormerly STC 14254; for a pamphlet version, see STC 5767 300 $aReproduction of original in the Pepysian Library, Magdalene College, Cambridge, England. 330 $aeebo-0123 606 $aBirds$zIreland$vPoetry$vEarly works to 1800 607 $aCork (Ireland)$vPoetry$vEarly works to 1800 615 0$aBirds 801 0$bCu-RivES 801 1$bCu-RivES 801 2$bWaOLN 906 $aBOOK 912 $a996383950303316 996 $aA battell of birds$92306682 997 $aUNISA